Datum a čas kvízu
39
Celkem bodů
Celkový počet nahraných bodů na tomto kvízu bez doplňovacích otázek.
1.
Pořadí na kvízu
Konečné umístění týmu na tomto kvízu.
Zaznamenané odpovědi
| # | Otázka | Odpověď | Body | Výsledky |
|---|---|---|---|---|
| 1. | V pátek se na základních a stř... | burger, panák (alkoholu) | 0.5 | |
| 2. | Jeden švýcarský turista se v p... | v Mostaru | 1 | |
| 3. | Napište jména známého muže a ž... | Jeff Bezos, Lauren Sánchez | 1 | |
| 4. | Jak se jmenuje nově zvolený ge... | Hynek Chudárek | 0 | |
| 5. | V Ostravě se konal tradiční at... | 400 m překážek | 1 | |
| 6. | Jedna z nejúspěšnějších filmov... | Zachary Quinto, Leonard Nimoy | 0.5 | |
| 7. | Napište český název závěrečnéh... | Pařba na třetí | 1 | |
| 8. | Seřaďte jednotlivé díly filmov... | 1A 2D 3B 4C | 1 | |
| 9. | Jak se jmenovala dcera Edwarda... | A | 1 | |
| 10. | Závěrem se podíváme blíže na H... | z hadů | 1 |